Best approximation in inner product spaces

Αποθηκεύτηκε σε:
Λεπτομέρειες βιβλιογραφικής εγγραφής
Κύριος συγγραφέας: Deutsch, F. (Frank), 1936-
Μορφή: Βιβλίο
Γλώσσα:English
Δημοσίευση: New York : Springer-Verlag, c2001.
Σειρά:CMS books in mathematics = Ouvrages de mathematiques de la SMC ; 7
Θέματα:
Ετικέτες: Προσθήκη ετικέτας
Δεν υπάρχουν, Καταχωρήστε ετικέτα πρώτοι!

MARC

LEADER 00000nam a2200000 a 4500
001 1/126073
008 230131t2001####nyu| ||| |||| ||eng||
020 |a 0387951563 
040 |a GR-MyUa  |b gre  |c GR-MyUa  |e AACR2 
041 0 |a eng 
082 7 |a 515.733  |2 (23) 
100 1 |a Deutsch, F.   |q (Frank),   |d 1936- 
245 1 0 |a Best approximation in inner product spaces /   |c Frank Deutsch.  
260 |a New York :   |b Springer-Verlag,   |c c2001.  
300 |a xv, 338 σ. ;   |c 25 εκ.  
490 1 |a (CMS books in mathematics ;   |v 7) 
504 |a Περιέχει βιβλιογραφικές αναφορές και ευρετήριο.  
650 0 |a Inner product spaces. 
650 0 |a Approximation theory. 
830 0 |a CMS books in mathematics = Ouvrages de mathematiques de la SMC ;  |v 7 
852 |a INST  |b SAMOS  |e 20230131  |h 515.733 DEV  |p 005300047329  |q 005300047329  |t BK  |y 0 
970 |a Γουβάλα  |b Βάσω  |z 31-01-2023